000 00572nam a2200193Ia 4500
005 20250508154712.0
008 008 250505s9999 xx 000 0 eng d
037 _aDissertations
040 _aFEDL
_beng
_cFEDL
041 _aeng
_2eng
084 _a370.15, KAP/DI
_qFEDL
100 _aKapur Nirmala
_9561710
245 0 _aAchievement and underachievement in science and some of its correlates
260 _c1967
300 _a84p.
546 _aM. Ed. Dissertation (Delhi University)
942 _cDIS
_h370.15, KAP/DI
999 _c1351670
_d1351670